[Event "Chubut-ch"]
[Site "Puerto Madryn"]
[Date "2019.11.17"]
[Round "5.4"]
[White "Barri, Marcelo Adrian"]
[Black "Crespo, Eugenio"]
[Result "0-1"]
[WhiteElo "1444"]
[BlackElo "2167"]
[PlyCount "62"]
[EventDate "2019.11.15"]
[EventType "swiss"]
[EventRounds "7"]
[EventCountry "ARG"]
[SourceTitle "EXT 2024"]
[Source "ChessBase"]
[SourceDate "2023.10.10"]
[SourceVersion "1"]
[SourceVersionDate "2023.10.10"]
[SourceQuality "1"]

1. d4 Nf6 2. Bg5 Ne4 3. Bh4 d5 4. Nd2 Nxd2 5. Qxd2 g6 6. e3 Bg7 7. Nf3 0-0 8. Be2 c5 9. c3 cxd4 10. exd4 Nc6 11. 0-0 Bf5 12. Bg5 Re8 13. h3 a6 14. a4 Na5 15. Qd1 h6 16. Bf4 Qb6 17. Ra2 Rac8 18. Bd3 Bxd3 19. Qxd3 Qb3 20. Qb1 Nc4 21. Nd2 Nxd2 22. Bxd2 e5 23. Ra3 Qc4 24. b3 Qc7 25. Qd3 exd4 26. cxd4 Qc2 27. b4 Qxd3 28. Rxd3 Rc4 29. Be3 Rxb4 30. Ra1 Rc8 31. a5 Rcc4 0-1

[Event "Chubut-ch"]
[Site "Puerto Madryn"]
[Date "2019.11.16"]
[Round "2.6"]
[White "Barri, Marcelo Adrian"]
[Black "Ipuche, Andres"]
[Result "1-0"]
[WhiteElo "1444"]
[BlackElo "1674"]
[PlyCount "107"]
[EventDate "2019.11.15"]
[EventType "swiss"]
[EventRounds "7"]
[EventCountry "ARG"]
[SourceTitle "EXT 2024"]
[Source "ChessBase"]
[SourceDate "2023.10.10"]
[SourceVersion "1"]
[SourceVersionDate "2023.10.10"]
[SourceQuality "1"]

1. d4 Nf6 2. Bg5 h6 3. Bxf6 exf6 4. c4 d5 5. cxd5 Qxd5 6. Nc3 Qa5 7. e3 Bb4 8. Nge2 Bf5 9. a3 Bxc3+ 10. Nxc3 c6 11. Qb3 b6 12. Bc4 0-0 13. 0-0 b5 14. Be2 Be6 15. Qc2 Nd7 16. b4 Qd8 17. Rfd1 Nb6 18. Bf3 Rc8 19. Ne4 f5 20. Nc5 Nc4 21. Nxe6 fxe6 22. Be2 Nd6 23. Rac1 a6 24. Qb3 Qf6 25. f3 Kh8 26. Rc5 Rc7 27. Rdc1 Rfc8 28. Re5 Re7 29. Qc3 Nb7 30. Bd3 Rf7 31. d5 exd5 32. Rxf5 Qxc3 33. Rxc3 Re7 34. Rxd5 Rxe3 35. Rd7 Nd8 36. Kf2 Re8 37. Bf5 Kg8 38. Rxg7+ Kxg7 39. Bxc8 Ne6 40. Bd7 Re7 41. Bxe6 Rxe6 42. g4 Rf6 43. h4 Kg6 44. Kg3 Re6 45. Kf4 Rd6 46. Ke5 Rf6 47. f4 Kf7 48. f5 Ke7 49. g5 hxg5 50. hxg5 Rd6 51. Rc5 Kd7 52. g6 Rd1 53. Kf6 Rd6+ 54. Kf7 1-0